Science and civilisation in China. vol. 3 : Mathematics and the sciences of the heavens and the earth /

Αποθηκεύτηκε σε:
Λεπτομέρειες βιβλιογραφικής εγγραφής
Κύριος συγγραφέας: Needham, Joseph
Άλλοι συγγραφείς: Ling, Wang
Μορφή: Sách giấy
Γλώσσα:Vietnamese
Έκδοση: Cambridge : Cambridge U.P. , 1959
Ετικέτες: Προσθήκη ετικέτας
Δεν υπάρχουν, Καταχωρήστε ετικέτα πρώτοι!
Thư viện lưu trữ: Thư viện Trường Đại học Đà Lạt
LEADER 00801nam a2200289 4500
001 DLU030023610
003 ##DLU
005 ##20021230
008 ##021230t vn z000 vie d
040 # # |a DLU  |b vie 
041 # # |a vie 
044 # # |a vn 
082 # # |a 509.51  |b NE-J 
100 # # |a Needham, Joseph 
245 # # |a Science and civilisation in China.  |n vol. 3 : Mathematics and the sciences of the heavens and the earth /  |c Joseph Needham with the collaboration of Wang Ling 
260 # # |a Cambridge :  |b Cambridge U.P. ,  |c 1959 
300 # # |a xlvii, 886 tr. ;  |c 25 cm 
700 # # |a Ling, Wang 
992 # # |a 225.00 
994 # # |a DLU 
900 # # |a True 
911 # # |a Thái Thị Thanh Thủy 
925 # # |a G 
926 # # |a A 
927 # # |a SH 
980 # # |a Thư viện Trường Đại học Đà Lạt